Statistics for 10 Biggest Cities In Belarus

Click here to take the quiz!

General Stats

  • This quiz has been taken 40 times
  • The average score is 5 of 10

Answer Stats

PopulationCity% Correct
1,742,124Minsk
100%
300,715Brest
71%
369,200Mogilev
57%
130,777Pinsk
57%
342,700Vitebsk
57%
317,365Hrodna
50%
480,951Homyel
43%
220,517Babruysk
36%
168,772Baranovichi
36%
143,919Borisov
29%

Score Distribution

Percentile by Number Answered

Percent of People with Each Score

Your Score History

You have not taken this quiz